Kevin Hart Movies - Statistics

General Stats
  • This quiz has been taken 51 times
    32 since last reset
  • The average score is 8 of 69
Answer Stats
Year Movie % Correct
2016 Central Intelligence
77%
2017 Jumanji: Welcome to the Jungle
57%
2015 Get Hard
53%
2019 Jumanji: The Next Level
53%
2014 Ride Along
50%
2016 Ride Along 2
47%
2018 Night School
37%
2022 Me Time
30%
2016 The Secret Life of Pets
30%
2021 Fatherhood
23%
2017 The Upside
23%
2010 Death at a Funeral
20%
2003 Scary Movie 3
20%
2005 The 40-Year-Old Virgin
20%
2019 The Secret Life of Pets 2
20%
2015 The Wedding Ringer
20%
2014 About Last Night
17%
2006 Scary Movie 4
17%
2022 The Man From Toronto
17%
2012 Think Like a Man
17%
2022 DC League of Super-Pets
13%
2010 Little Fockers
13%
2008 Meet Dave
13%
2004 Soul Plane
13%
2022 Borderlands
10%
TBD Lift
10%
2008 Superhero Movie
10%
2014 Think Like a Man Too
10%
2017 Captain Underpants: The First Epic Movie
7%
2007 Epic Movie
7%
2019 Fast and Furious Presents: Hobbs and Shaw
7%
2009 Not Easily Broken
7%
2002 Paper Soldiers
7%
2011 35 and Ticking
3%
2004 Along Came Polly
3%
TBD Back on the Strip
3%
2012 Exit Strategy
3%
2008 Fool's Gold
3%
2013 Grudge Match
3%
2005 In the Mix
3%
2011 Let Go
3%
2027 Monopoly
3%
TBD Ride Along 3
3%
2014 School Dance
3%
2012 The Five-Year Engagement
3%
2006 The Last Stand
3%
2013 This is the End
3%
2014 Top Five
3%
2012 9mm
0%
TBD American Sole
0%
2002 Class of '06
0%
2005 Dante
0%
2003 Death of a Dynasty
0%
2008 Drillbit Taylor
0%
2008 Extreme Movie
0%
2017 Girls Trip
0%
2014 Keep it Together
0%
2011 Little in Common
0%
2015 Miles Ahead
0%
2016 Mosiac
0%
TBD My Own Worst Enemy
0%
2001 North Hollywood
0%
2010 Something Like a Business
0%
2020 The Decision: Overcoming Today's BS for Tomorrow's Success
0%
TBD The Great Outdoors
0%
2007 The Weekend
0%
2018 Traffik
0%
2010 Untitled Burr and Hart Project
0%
TBD Uptown Saturday Night
0%
No matching quizzes found
Score Distribution
Percent of People with Each Score
Percentile by Number Answered
Your Score History
You have not taken this quiz since the last reset